[Event "Kitchener Oktoberfest U2000"]
[Site "Kitchener CAN"]
[Date "2010.10.17"]
[Round "5"]
[White "Preotu, Razvan"]
[Black "Knechtel, Tim"]
[Result "1-0"]
[WhiteElo "1877"]
[BlackElo "1771"]
[WhiteFideId "-1"]
[WhiteFideId "-1"]
[PlyCount "81"]
[GameId "2160767909863616"]
[EventDate "2010.10.15"]
[EventType "swiss"]
[EventRounds "5"]
[EventCountry "CAN"]
[SourceTitle "EXT 2022"]
[Source "ChessBase"]
[SourceDate "2021.10.06"]
[SourceVersion "1"]
[SourceVersionDate "2021.10.06"]
[SourceQuality "1"]

1. e4 d6 2. d4 Nf6 3. Bd3 e5 4. c3 Nbd7 5. Ne2 Be7 6. f4 O-O 7. O-O c6 8. Nd2 Qc7 9. Nf3 a6 10. Ng3 Re8 11. f5 Bf8 12. Kh1 d5 13. dxe5 Nxe5 14. Nxe5 Qxe5 15. Bf4 Qe7 16. e5 Nd7 17. Re1 Qd8 18. Nh5 Nc5 19. Bc2 Ne4 20. Bxe4 dxe4 21. Qg4 Kh8 22. Rxe4 Qd3 23. Ng3 g6 24. Qh4 Bxf5 25. Rd4 Qc2 26. Rd2 Qa4 27. e6 f6 28. b3 Qb5 29. c4 Qc5 30. b4 Qxb4 31. Nxf5 gxf5 32. Rd7 Be7 33. Bd6 Qc3 34. Rg1 Kg7 35. Bxe7 Kg6 36. Rd3 Qe5 37. Rg3+ Qxg3 38. Qxg3+ Kh6 39. Qh4+ Kg7 40. Qxf6+ Kg8 41. Qf7+ 1-0

[Event "Hamilton Summer op"]
[Site "Hamilton CAN"]
[Date "2010.08.21"]
[Round "1"]
[White "Preotu, Razvan"]
[Black "Olheiser, Gordon"]
[Result "1/2-1/2"]
[WhiteElo "1682"]
[BlackElo "2091"]
[WhiteFideId "-1"]
[WhiteFideId "-1"]
[PlyCount "59"]
[GameId "2160767909897499"]
[EventDate "2010.08.21"]
[EventType "swiss"]
[EventRounds "5"]
[EventCountry "CAN"]
[SourceTitle "EXT 2022"]
[Source "ChessBase"]
[SourceDate "2021.10.06"]
[SourceVersion "1"]
[SourceVersionDate "2021.10.06"]
[SourceQuality "1"]

1. Nf3 e6 2. c4 f5 3. g3 Nf6 4. Bg2 d5 5. d4 c6 6. O-O Bd6 7. Nc3 Nbd7 8. c5 Bc7 9. b4 O-O 10. a4 Qe7 11. Bd2 Ne4 12. Qb3 Nxd2 13. Nxd2 f4 14. e4 Qg5 15. Nf3 Qh5 16. e5 g5 17. Ne2 Rf7 18. gxf4 gxf4 19. Kh1 Nf8 20. Rg1 Ng6 21. Qc2 Bd7 22. Ra3 Kh8 23. Ne1 Rg8 24. Rh3 Qf5 25. Qxf5 Rxf5 26. Rb3 Rg5 27. Nf3 Rh5 28. b5 a6 29. b6 Bd8 30. a5 1/2-1/2

[Event "Hamilton Summer op"]
[Site "Hamilton CAN"]
[Date "2010.08.21"]
[Round "3"]
[White "Preotu, Razvan"]
[Black "Wang, Jesse BJ"]
[Result "0-1"]
[WhiteElo "1689"]
[BlackElo "2105"]
[WhiteFideId "-1"]
[WhiteFideId "-1"]
[PlyCount "44"]
[GameId "2160767909897524"]
[EventDate "2010.08.21"]
[EventType "swiss"]
[EventRounds "5"]
[EventCountry "CAN"]

1. e4 c5 2. Nc3 Nc6 3. Bb5 Nd4 4. Bc4 e6 5. Nge2 Nf6 6. O-O a6 7. a4 d5 8. exd5 exd5 9. Nxd5 Nxd5 10. Nxd4 cxd4 11. Qh5 Be6 12. Re1 Be7 13. Rxe6 Nf4 14. Qg4 Nxe6 15. Bxe6 fxe6 16. Qxg7 Bf6 17. Qxb7 Qd5 18. Qb6 Rg8 19. g3 Rg7 20. Qb4 a5 21. Qa3 Rc8 22. c3 Rgc7 0-1

[Event "Hamilton Summer op"]
[Site "Hamilton CAN"]
[Date "2010.08.22"]
[Round "4"]
[White "Cormier, Adam"]
[Black "Preotu, Razvan"]
[Result "0-1"]
[WhiteElo "1959"]
[BlackElo "1805"]
[WhiteFideId "-1"]
[WhiteFideId "-1"]
[PlyCount "110"]
[GameId "2160767909897529"]
[EventDate "2010.08.21"]
[EventType "swiss"]
[EventRounds "5"]
[EventCountry "CAN"]
[SourceTitle "EXT 2022"]
[Source "ChessBase"]
[SourceDate "2021.10.06"]
[SourceVersion "1"]
[SourceVersionDate "2021.10.06"]
[SourceQuality "1"]

1. d4 Nf6 2. c4 e5 3. dxe5 Ng4 4. Bf4 Nc6 5. Nf3 Bb4+ 6. Nc3 Qe7 7. Qd5 Bxc3+ 8. bxc3 Qa3 9. Rc1 f6 10. exf6 Nxf6 11. Qd2 O-O 12. e3 Ne4 13. Qc2 d6 14. Bd3 Bf5 15. O-O Rae8 16. Nd4 Nxd4 17. cxd4 Ng3 18. Bxf5 Nxf5 19. Qb3 Qxb3 20. axb3 Nxd4 21. Bxd6 Ne2+ 22. Kh1 cxd6 23. Rce1 Nc3 24. f3 Na2 25. Ra1 Nb4 26. Rxa7 Rxe3 27. Rxb7 Rxb3 28. h3 Ra8 29. Rd1 Rd3 30. Re1 Nc6 31. Rc7 Ne5 32. f4 Ng6 33. f5 Ne5 34. c5 Rc3 35. cxd6 Rxc7 36. dxc7 Nf7 37. Rb1 Rc8 38. Rb8 Nd6 39. Rb6 Nxf5 40. Rb5 Ne7 41. Rc5 Kf7 42. g4 Ke6 43. Kg2 Kd6 44. Rh5 Rh8 45. Rg5 g6 46. h4 h6 47. Ra5 Kxc7 48. Kg3 Kd7 49. Re5 Kd6 50. Ra5 Rc8 51. Ra3 Kd5 52. Re3 Nc6 53. h5 g5 54. Rd3+ Nd4 55. Ra3 Rc3+ 0-1

[Event "CAN-op"]
[Site "Toronto CAN"]
[Date "2010.07.14"]
[Round "5"]
[White "Preotu, Razvan"]
[Black "Shabalov, Alexander"]
[Result "0-1"]
[WhiteElo "1606"]
[BlackElo "2618"]
[WhiteFideId "-1"]
[WhiteFideId "-1"]
[PlyCount "54"]
[GameId "2160767909915402"]
[EventDate "2010.07.10"]
[EventType "swiss"]
[EventRounds "9"]
[EventCountry "CAN"]

1. d4 Nf6 2. c4 g6 3. Nf3 Bg7 4. g3 O-O 5. Bg2 d6 6. O-O Nc6 7. Nc3 a6 8. Nd5 Nh5 9. Be3 e6 10. Nc3 Ne7 11. Qd2 Nf5 12. Rfd1 Nxe3 13. fxe3 d5 14. Rac1 f5 15. b3 Nf6 16. Ne5 c6 17. Nd3 h5 18. h3 Kh7 19. Kh2 Bh6 20. Ne5 Bd7 21. c5 Be8 22. Bf3 Rc8 23. g4 fxg4 24. hxg4 Nxg4+ 25. Nxg4 hxg4 26. Bg2 Qh4+ 27. Kg1 g3 0-1

[Event "CAN-op"]
[Site "Toronto CAN"]
[Date "2010.07.14"]
[Round "6"]
[White "Gelis, Paul"]
[Black "Preotu, Razvan"]
[Result "1-0"]
[WhiteElo "2216"]
[BlackElo "1606"]
[WhiteFideId "-1"]
[WhiteFideId "-1"]
[PlyCount "95"]
[GameId "2160767909915415"]
[EventDate "2010.07.10"]
[EventType "swiss"]
[EventRounds "9"]
[EventCountry "CAN"]

1. d4 Nf6 2. Nf3 d5 3. c4 e6 4. Nc3 g6 5. Bg5 Bg7 6. e3 c6 7. cxd5 exd5 8. Bd3 Qb6 9. Qc2 Nbd7 10. O-O O-O 11. Na4 Qd8 12. b4 Nb6 13. Nc5 Nbd7 14. a4 a5 15. b5 Nxc5 16. Qxc5 Bg4 17. Ne5 Nd7 18. Nxd7 Qxg5 19. f4 Qd8 20. Nxf8 Bxf8 21. Qc2 Rc8 22. bxc6 bxc6 23. h3 Bd7 24. Ba6 Ra8 25. Bd3 Rc8 26. f5 Qe7 27. Qf2 Bh6 28. Rae1 Re8 29. e4 dxe4 30. Rxe4 Qf6 31. Rxe8+ Bxe8 32. fxg6 Qxf2+ 33. Kxf2 fxg6 34. Re1 Bf7 35. Re5 Bg7 36. Rxa5 Bxd4+ 37. Ke2 c5 38. Ra8+ Kg7 39. Rc8 Kf6 40. a5 Bd5 41. Kf1 h6 42. a6 g5 43. Be2 c4 44. Bxc4 Be4 45. Rc7 Bb6 46. Rf7+ Kg6 47. Re7 Kf5 48. a7 1-0

[Event "CYCC U12"]
[Site "Windsor CAN"]
[Date "2010.07.06"]
[Round "1"]
[White "Farias, Durval"]
[Black "Preotu, Razvan"]
[Result "0-1"]
[WhiteElo "979"]
[BlackElo "1606"]
[WhiteFideId "-1"]
[WhiteFideId "-1"]
[PlyCount "70"]
[GameId "2160767909915751"]
[EventDate "2010.07.06"]
[EventType "swiss"]
[EventRounds "7"]
[EventCountry "CAN"]
[SourceTitle "hb 2010.09"]

1. Nf3 Nf6 2. Nc3 d5 3. e3 c5 4. d4 e6 5. Ne5 Nc6 6. Nb5 a6 7. Be2 axb5 8. Bxb5 Qa5+ 9. Bd2 Qxb5 10. Bc3 cxd4 11. exd4 Nxe5 12. dxe5 Ne4 13. Qb1 Bb4 14. Bxb4 Qxb4+ 15. c3 Qc5 16. Rf1 Qc4 17. b3 Qxf1+ 18. Kxf1 Nd2+ 19. Ke1 Nxb1 20. Rxb1 Rxa2 21. Kf1 Bd7 22. Kg1 O-O 23. c4 Rfa8 24. g3 Bc6 25. Rd1 Ra1 26. Rxa1 Rxa1+ 27. Kg2 dxc4+ 28. Kh3 cxb3 29. f4 b2 30. Kh4 b1=Q 31. g4 Qg1 32. h3 Qf2+ 33. Kh5 g6+ 34. Kg5 Kg7 35. h4 h6# 0-1

[Event "CYCC U12"]
[Site "Windsor CAN"]
[Date "2010.07.07"]
[Round "3"]
[White "Graif, William"]
[Black "Preotu, Razvan"]
[Result "1-0"]
[WhiteElo "1676"]
[BlackElo "1606"]
[WhiteFideId "-1"]
[WhiteFideId "-1"]
[PlyCount "83"]
[GameId "2160767909915790"]
[EventDate "2010.07.06"]
[EventType "swiss"]
[EventRounds "7"]
[EventCountry "CAN"]
[SourceTitle "hb 2010.09"]

1. e4 c5 2. Nf3 Nc6 3. d4 cxd4 4. Nxd4 Nf6 5. Nc3 e5 6. Ndb5 d6 7. Bg5 a6 8. Na3 b5 9. Nd5 Be7 10. Bxf6 Bxf6 11. c4 b4 12. Nc2 O-O 13. Ncxb4 Nxb4 14. Nxb4 Qb6 15. Nd3 Qd4 16. Be2 Qxe4 17. O-O Rb8 18. Qc2 Qg6 19. g3 Bf5 20. Rad1 Rfc8 21. b3 Bg5 22. Qb2 h5 23. Qa3 h4 24. g4 Bh6 25. h3 Be4 26. Ne1 Rc6 27. Ng2 Bxg2 28. Kxg2 f5 29. Qa5 Kh8 30. Qd5 Rcb6 31. c5 dxc5 32. Qxe5 Re6 33. Qxb8+ Kh7 34. Bd3 Rf6 35. Kh1 Qf7 36. Bxf5+ g6 37. Rd7 Rxf5 38. Rxf7+ Rxf7 39. Qc8 Be3 40. Qe6 Rxf2 41. Rxf2 Bxf2 42. Qf7+ 1-0

[Event "CYCC U12"]
[Site "Windsor CAN"]
[Date "2010.07.07"]
[Round "4"]
[White "Preotu, Razvan"]
[Black "Kong, Dezheng"]
[Result "0-1"]
[WhiteElo "1606"]
[BlackElo "2006"]
[WhiteFideId "-1"]
[WhiteFideId "-1"]
[PlyCount "88"]
[GameId "2160767909964968"]
[EventDate "2010.07.06"]
[EventType "swiss"]
[EventRounds "7"]
[EventCountry "CAN"]
[SourceTitle "hb 2010.09"]

1. Nf3 Nf6 2. c4 e6 3. g3 d5 4. Bg2 Be7 5. O-O O-O 6. b3 c5 7. Bb2 Nc6 8. e3 Bd7 9. d4 dxc4 10. bxc4 cxd4 11. exd4 Qb6 12. Qb3 Qxb3 13. axb3 Rfd8 14. Nc3 Be8 15. Rfd1 a6 16. Ne2 Rab8 17. Bc1 Bd6 18. Bg5 h6 19. Bxf6 gxf6 20. Nc3 Bb4 21. Ne4 Kg7 22. g4 Ne7 23. Nh4 Bc6 24. Rac1 Ng6 25. Nxg6 fxg6 26. h3 Be7 27. Nc3 Be8 28. d5 exd5 29. Nxd5 Bd6 30. f4 Bc6 31. Rf1 Bc5+ 32. Kh1 Rbc8 33. Rfd1 Re8 34. Re1 Kf7 35. Kh2 Bd6 36. Kg1 f5 37. gxf5 gxf5 38. Kf2 Rg8 39. Rcd1 Rcd8 40. Re2 Rg6 41. Rde1 Rdg8 42. Kf1 b5 43. Bh1 Rg1+ 44. Kf2 Bc5+ 0-1

[Event "CYCC U12"]
[Site "Windsor CAN"]
[Date "2010.07.08"]
[Round "5"]
[White "Bhangoo, Kabir"]
[Black "Preotu, Razvan"]
[Result "0-1"]
[WhiteElo "1022"]
[BlackElo "1606"]
[WhiteFideId "-1"]
[WhiteFideId "-1"]
[PlyCount "74"]
[GameId "2160767909964980"]
[EventDate "2010.07.06"]
[EventType "swiss"]
[EventRounds "7"]
[EventCountry "CAN"]
[SourceTitle "hb 2010.09"]

1. d4 Nf6 2. Nf3 c5 3. e3 e6 4. Nc3 d5 5. Bb5+ Bd7 6. Bxd7+ Nbxd7 7. O-O Be7 8. Ne5 Nxe5 9. dxe5 Nd7 10. f4 O-O 11. Qg4 Qb6 12. Rf3 f6 13. Rh3 fxe5 14. fxe5 Rf7 15. Qh5 g6 16. Qe2 Nxe5 17. e4 d4 18. Na4 Qc6 19. b3 Raf8 20. Bh6 Rd8 21. Rf1 Rxf1+ 22. Qxf1 Qxe4 23. Qf2 Ng4 24. Qf4 Qe1+ 25. Qf1 Qxf1+ 26. Kxf1 Nxh6 27. Rxh6 e5 28. Rh3 e4 29. Ke2 b5 30. Nb2 Bf6 31. Nd1 c4 32. g4 Bg5 33. Nb2 c3 34. Nd1 d3+ 35. Ke1 dxc2 36. Nxc3 c1=Q+ 37. Kf2 Rd2+ 0-1

[Event "CYCC U12"]
[Site "Windsor CAN"]
[Date "2010.07.08"]
[Round "6"]
[White "Preotu, Razvan"]
[Black "Zhang, Kevin Z"]
[Result "0-1"]
[WhiteElo "1606"]
[BlackElo "1756"]
[WhiteFideId "-1"]
[WhiteFideId "-1"]
[PlyCount "94"]
[GameId "2160767909965010"]
[EventDate "2010.07.06"]
[EventType "swiss"]
[EventRounds "7"]
[EventCountry "CAN"]
[SourceTitle "hb 2010.09"]

1. Nf3 Nf6 2. c4 c5 3. g3 Nc6 4. Bg2 g6 5. O-O Bg7 6. Nc3 d6 7. e3 Bg4 8. h3 Bf5 9. d4 O-O 10. a3 Ne4 11. Ne2 Nf6 12. Nh4 Bd7 13. Bd2 Qb6 14. Bc3 Rfd8 15. Rc1 a5 16. Qc2 a4 17. Rfe1 Qc7 18. e4 cxd4 19. Nxd4 Na5 20. Bxa5 Rxa5 21. Qe2 Nh5 22. Nhf3 Rc8 23. Bf1 Rc5 24. Qd2 e5 25. Nc2 Bf8 26. Nb4 Be6 27. Nd5 Bxd5 28. exd5 b5 29. Rc2 bxc4 30. Rec1 Qd7 31. Kh2 Nf6 32. Rxc4 e4 33. Ng1 Rxd5 34. Qxd5 Nxd5 35. Rxc8 Qf5 36. R8c2 Bh6 37. Rd1 Be3 38. Rxd5 Qxd5 39. fxe3 Qd1 40. Rf2 Qe1 41. Kg2 Qxe3 42. Re2 Qd4 43. Kh2 Qd1 44. Kg2 d5 45. Rf2 d4 46. Re2 f5 47. Kh2 Qxf1 0-1

[Event "CYCC U12"]
[Site "Windsor CAN"]
[Date "2010.07.09"]
[Round "7"]
[White "Tismenko, Dennis"]
[Black "Preotu, Razvan"]
[Result "0-1"]
[WhiteElo "1301"]
[BlackElo "1606"]
[WhiteFideId "-1"]
[WhiteFideId "-1"]
[PlyCount "81"]
[GameId "2160767909965030"]
[EventDate "2010.07.06"]
[EventType "swiss"]
[EventRounds "7"]
[EventCountry "CAN"]
[SourceTitle "hb 2010.09"]

1. e4 c5 2. Nf3 Nc6 3. d4 cxd4 4. Nxd4 e5 5. Nb5 Nf6 6. N1c3 d6 7. Bd3 a6 8. Na3 b5 9. Nd5 Nxd5 10. exd5 Ne7 11. Be2 Bb7 12. Bf3 Rc8 13. c3 f5 14. Bg5 Qd7 15. Bxe7 Bxe7 16. O-O O-O 17. Nc2 Bf6 18. Ne3 Rc5 19. Rc1 e4 20. Be2 Re8 21. Qc2 Bg5 22. b4 Bxe3 23. fxe3 Rxd5 24. c4 Rde5 25. Rfd1 bxc4 26. Qxc4+ Kh8 27. Qc7 Rd8 28. Rc2 Re7 29. Rdc1 h6 30. b5 axb5 31. Bxb5 Qxc7 32. Rxc7 Rxc7 33. Rxc7 Bd5 34. Ra7 Ra8 35. Rxa8+ Bxa8 36. g3 Kg8 37. Kf2 Kf7 38. Bd7 g6 39. Ke2 Ke7 40. Bb5 d5 41. Kd2 0-1

[Event "Fall 50 50 Pro-Am U1500"]
[Site "Guelph CAN"]
[Date "2007.11.03"]
[Round "1"]
[White "Khaiter, Dennis"]
[Black "Preotu, Razvan"]
[Result "1/2-1/2"]
[WhiteElo "1475"]
[BlackElo "1169"]
[WhiteFideId "-1"]
[WhiteFideId "-1"]
[PlyCount "116"]
[GameId "2160767910574482"]
[EventDate "2007.11.03"]
[EventType "swiss"]
[EventRounds "5"]
[EventCountry "CAN"]

1. d4 d5 2. c4 e6 3. Nc3 Nf6 4. Nf3 Nc6 5. cxd5 Nxd5 6. e4 Nf6 7. a3 Be7 8. Bb5 O-O 9. O-O a6 10. Qa4 Bd7 11. Bxc6 Bxc6 12. Qc2 b6 13. Rd1 Qb8 14. Bf4 Qb7 15. Re1 Rad8 16. Rab1 Nh5 17. Bg3 Nxg3 18. hxg3 Bf6 19. Rbd1 Rfe8 20. Re3 e5 21. d5 Bd7 22. Red3 c6 23. Rc1 cxd5 24. Rxd5 Bc6 25. Rd2 Rc8 26. Qb1 Be7 27. Nd5 f6 28. Rdc2 Bxd5 29. Rxc8 Rxc8 30. Rxc8+ Qxc8 31. exd5 Qc5 32. Qd1 e4 33. Nh2 f5 34. Nf1 g6 35. b4 Qd6 36. Qb3 Kg7 37. Ne3 a5 38. bxa5 bxa5 39. Qc3+ Kf7 40. Qxa5 Qxa3 41. Qxa3 Bxa3 42. Kf1 Bc5 43. Ke2 Ke7 44. Nc4 Bd4 45. f3 exf3+ 46. Kxf3 Bc5 47. Kf4 h6 48. Ke5 Bf2 49. d6+ Kf7 50. Kd5 Bxg3 51. Kc6 Bxd6 52. Nxd6+ Kf6 53. Kd5 Kg5 54. Nf7+ Kh5 55. Ke5 Kh4 56. Nxh6 Kg3 57. Nxf5+ gxf5 58. Kxf5 Kxg2 1/2-1/2

[Event "Fall 50 50 Pro-Am U1500"]
[Site "Guelph CAN"]
[Date "2007.11.03"]
[Round "2"]
[White "Preotu, Razvan"]
[Black "Hurst, Bruce"]
[Result "1-0"]
[WhiteElo "1169"]
[BlackElo "1339"]
[WhiteFideId "-1"]
[WhiteFideId "-1"]
[PlyCount "59"]
[GameId "2160767910574483"]
[EventDate "2007.11.03"]
[EventType "swiss"]
[EventRounds "5"]
[EventCountry "CAN"]

1. d4 d5 2. Nf3 Nc6 3. e3 e6 4. Bd3 Nf6 5. a3 Be7 6. b3 O-O 7. Bb2 a6 8. O-O b5 9. Nbd2 Re8 10. Qe2 Bd6 11. Ne5 Bb7 12. Rfe1 Nd7 13. Ndf3 Ncxe5 14. Nxe5 Nxe5 15. dxe5 Be7 16. Rad1 c5 17. c4 bxc4 18. bxc4 Qc7 19. e4 d4 20. f4 f6 21. exf6 Bxf6 22. e5 Be7 23. Qh5 Bd8 24. Qxh7+ Kf8 25. Qh8+ Kf7 26. Qh5+ Ke7 27. Qh7 Kf8 28. Bg6 Qc6 29. Qh8+ Ke7 30. Qxg7# 1-0

[Event "Fall 50 50 Pro-Am U1500"]
[Site "Guelph CAN"]
[Date "2007.11.03"]
[Round "4"]
[White "Papernick, Benjamin"]
[Black "Preotu, Razvan"]
[Result "0-1"]
[WhiteElo "1086"]
[BlackElo "1169"]
[WhiteFideId "-1"]
[WhiteFideId "-1"]
[PlyCount "86"]
[GameId "2160767910574484"]
[EventDate "2007.11.03"]
[EventType "swiss"]
[EventRounds "5"]
[EventCountry "CAN"]

1. d4 d5 2. c4 e6 3. Nc3 Nf6 4. Nf3 c5 5. cxd5 exd5 6. Be3 b6 7. dxc5 bxc5 8. Qa4+ Bd7 9. Nb5 a6 10. Ne5 Bxb5 11. Qc2 d4 12. Bg5 Ba4 13. b3 Bb5 14. a4 Bd6 15. axb5 Bxe5 16. Qxc5 Qd6 17. Qc8+ Qd8 18. Qxd8+ Kxd8 19. e3 dxe3 20. Bxe3 Bxa1 21. Bc4 axb5 22. Bb6+ Ke7 23. Bxb5 Be5 24. O-O Nbd7 25. Bxd7 Nxd7 26. Re1 Nxb6 27. Rxe5+ Kf6 28. f4 Rhe8 29. Rxe8 Rxe8 30. g4 Re2 31. h4 Ke6 32. f5+ Ke5 33. Kf1 Ra2 34. h5 h6 35. Ke1 Ke4 36. Kd1 f6 37. Kc1 Kd3 38. Kb1 Rc2 39. Ka1 Nd5 40. g5 hxg5 41. h6 gxh6 42. Kb1 Nc3+ 43. Ka1 Ra2# 0-1

[Event "Fall 50 50 Pro-Am U1500"]
[Site "Guelph CAN"]
[Date "2007.11.04"]
[Round "5"]
[White "Plotkin, Mark"]
[Black "Preotu, Razvan"]
[Result "1-0"]
[WhiteElo "1351"]
[BlackElo "1169"]
[WhiteFideId "-1"]
[WhiteFideId "-1"]
[PlyCount "58"]
[GameId "2160767910574485"]
[EventDate "2007.11.03"]
[EventType "swiss"]
[EventRounds "5"]
[EventCountry "CAN"]

1. e4 e5 2. Nf3 Nf6 3. Nxe5 d6 4. Nf3 Nxe4 5. d4 d5 6. Bd3 Bf5 7. O-O Bd6 8. Re1 O-O 9. c4 c6 10. Ng5 Nxg5 11. Bxf5 dxc4 12. Qh5 h6 13. h4 Qf6 14. Bc2 Ne6 15. Bd2 Nxd4 16. Bc3 c5 17. Nd2 b5 18. Bxd4 Qxd4 19. Be4 Nc6 20. Bxc6 Rac8 21. Qd5 Rxc6 22. Qxc6 Qxd2 23. Rad1 Qxb2 24. Qxd6 Qxa2 25. Qxc5 Qa6 26. Ra1 Qb6 27. Qxb6 axb6 28. Rab1 Rc8 29. Rxb5 Rc6 1-0

[Event "CYCC U08"]
[Site "Ottawa CAN"]
[Date "2007.07.03"]
[Round "1"]
[White "Preotu, Razvan"]
[Black "Chamoun, Emile"]
[Result "0-1"]
[WhiteElo "1191"]
[BlackElo "1127"]
[WhiteFideId "-1"]
[WhiteFideId "-1"]
[PlyCount "70"]
[GameId "2160767910650629"]
[EventDate "2007.07.03"]
[EventType "swiss"]
[EventRounds "7"]
[EventCountry "CAN"]
[SourceTitle "EXT 2022"]
[Source "ChessBase"]
[SourceDate "2021.10.06"]
[SourceVersion "1"]
[SourceVersionDate "2021.10.06"]
[SourceQuality "1"]

1. e4 e6 2. d4 d5 3. Nc3 Nf6 4. e5 Nfd7 5. Nf3 c5 6. Be3 Nc6 7. Bb5 Qb6 8. O-O a6 9. Bxc6 bxc6 10. Na4 Qa5 11. Nxc5 Nxc5 12. dxc5 Bxc5 13. Bxc5 Qxc5 14. c3 O-O 15. Qd4 Qxd4 16. cxd4 Rb8 17. Rab1 a5 18. b3 Ba6 19. Rfc1 Rfc8 20. Nd2 h6 21. Rc2 Bd3 22. Rbc1 Bxc2 23. Rxc2 Rb5 24. Rc5 Rxc5 25. dxc5 Rb8 26. f4 Rb5 27. a4 Rxc5 28. Kf2 Kh7 29. Ke3 Kg6 30. Kd4 Rc1 31. g3 Kf5 32. b4 axb4 33. a5 g6 34. Nb3 Rc4+ 35. Kd3 Rc3+ 0-1

[Event "CYCC U08"]
[Site "Ottawa CAN"]
[Date "2007.07.04"]
[Round "3"]
[White "Preotu, Razvan"]
[Black "Moreno, David2"]
[Result "1-0"]
[WhiteElo "1191"]
[BlackElo "1273"]
[WhiteFideId "-1"]
[WhiteFideId "-1"]
[PlyCount "94"]
[GameId "2160767910650640"]
[EventDate "2007.07.03"]
[EventType "swiss"]
[EventRounds "7"]
[EventCountry "CAN"]
[SourceTitle "EXT 2022"]
[Source "ChessBase"]
[SourceDate "2021.10.06"]
[SourceVersion "1"]
[SourceVersionDate "2021.10.06"]
[SourceQuality "1"]

1. e4 e5 2. Nf3 Nf6 3. Nc3 Nc6 4. Bc4 Bc5 5. O-O O-O 6. d3 d6 7. Bg5 Bxf2+ 8. Rxf2 Nxe4 9. Bxd8 Nxf2 10. Kxf2 Rxd8 11. Ng5 Re8 12. Bxf7+ Kf8 13. Bxe8 Kxe8 14. Qh5+ g6 15. Nb5 gxh5 16. Nxc7+ Kd8 17. Nxa8 h6 18. Nf7+ Ke8 19. Nxd6+ Kd8 20. Nxc8 Kxc8 21. Nb6+ axb6 22. Ke3 Kd7 23. Rf1 Ke6 24. Ke4 b5 25. Rf5 b4 26. Rxh5 Kd6 27. Rxh6+ Kd7 28. Rxc6 bxc6 29. Kxe5 Kc7 30. h4 Kd7 31. h5 b3 32. cxb3 c5 33. b4 cxb4 34. h6 b3 35. a3 Kc6 36. h7 Kc5 37. h8=Q Kc6 38. d4 Kb5 39. d5 Kc4 40. d6 Kd3 41. d7 Kc2 42. d8=R Kxb2 43. Rd2+ Kxa3 44. Qa8+ Kb4 45. Rb2 Kc3 46. Rxb3+ Kxb3 47. g4 Kc3 1-0

[Event "CYCC U08"]
[Site "Ottawa CAN"]
[Date "2007.07.04"]
[Round "4"]
[White "Doknjas, John"]
[Black "Preotu, Razvan"]
[Result "1-0"]
[WhiteElo "1336"]
[BlackElo "1191"]
[WhiteFideId "-1"]
[WhiteFideId "-1"]
[PlyCount "100"]
[GameId "2160767910650645"]
[EventDate "2007.07.03"]
[EventType "swiss"]
[EventRounds "7"]
[EventCountry "CAN"]
[SourceTitle "EXT 2022"]
[Source "ChessBase"]
[SourceDate "2021.10.06"]
[SourceVersion "1"]
[SourceVersionDate "2021.10.06"]
[SourceQuality "1"]

1. Nf3 d5 2. g3 Nc6 3. Bg2 e5 4. d3 Nf6 5. Nbd2 Be6 6. e4 dxe4 7. dxe4 Bd6 8. O-O O-O 9. Re1 Qd7 10. Nf1 Bh3 11. Bg5 Bxg2 12. Kxg2 Ne8 13. c4 Qg4 14. h3 Qe6 15. Qd5 Qxd5 16. exd5 Nb4 17. Re2 f6 18. Bd2 c6 19. Bxb4 Bxb4 20. a3 Be7 21. dxc6 bxc6 22. N3d2 Rb8 23. b4 c5 24. b5 Nc7 25. f4 Bd6 26. Ne4 Be7 27. Rd1 Rfd8 28. Rxd8+ Rxd8 29. Rd2 Rxd2+ 30. Nfxd2 f5 31. Nc3 exf4 32. gxf4 Ne6 33. Nd5 Bd6 34. Kf3 Nd4+ 35. Kf2 Nc2 36. a4 Nb4 37. Nxb4 cxb4 38. Ke3 Kf7 39. Nb3 Kg6 40. c5 Bc7 41. a5 Kh5 42. b6 axb6 43. cxb6 Bb8 44. a6 Kh4 45. a7 Bd6 46. a8=Q Kxh3 47. b7 h6 48. b8=Q Bxb8 49. Qxb8 g5 50. fxg5 hxg5 1-0

[Event "CYCC U08"]
[Site "Ottawa CAN"]
[Date "2007.07.05"]
[Round "5"]
[White "Preotu, Razvan"]
[Black "Sirkovich, Daniel"]
[Result "1/2-1/2"]
[WhiteElo "1191"]
[BlackElo "1055"]
[WhiteFideId "-1"]
[WhiteFideId "-1"]
[PlyCount "65"]
[GameId "2160767910650654"]
[EventDate "2007.07.03"]
[EventType "swiss"]
[EventRounds "7"]
[EventCountry "CAN"]
[SourceTitle "EXT 2022"]
[Source "ChessBase"]
[SourceDate "2021.10.06"]
[SourceVersion "1"]
[SourceVersionDate "2021.10.06"]
[SourceQuality "1"]

1. e4 e5 2. Nf3 Nc6 3. Bc4 Nf6 4. Nc3 Nxe4 5. Nxe4 d5 6. Bb5 dxe4 7. Nxe5 Qd5 8. Bxc6+ bxc6 9. Ng4 Qg5 10. h3 Bd6 11. d4 Qb5 12. Qe2 Qxe2+ 13. Kxe2 Ba6+ 14. Kd1 O-O 15. Re1 Rfe8 16. f3 exf3 17. Rxe8+ Rxe8 18. gxf3 Re2 19. Bd2 Rg2 20. Be1 Rg1 21. Kd2 Bb4+ 22. c3 Bd6 23. Rd1 Rg2+ 24. Kc1 Bf4+ 25. Kb1 Re2 26. Bh4 g5 27. Nf6+ Kg7 28. Nh5+ Kh6 29. Nxf4 Re7 30. Re1 Rxe1+ 31. Bxe1 gxf4 32. Kc2 Kg6 33. Bh4 1/2-1/2

[Event "CYCC U08"]
[Site "Ottawa CAN"]
[Date "2007.07.06"]
[Round "7"]
[White "Li, Yinshi"]
[Black "Preotu, Razvan"]
[Result "1-0"]
[WhiteElo "1284"]
[BlackElo "1191"]
[WhiteFideId "-1"]
[WhiteFideId "-1"]
[PlyCount "75"]
[GameId "2160767910650665"]
[EventDate "2007.07.03"]
[EventType "swiss"]
[EventRounds "7"]
[EventCountry "CAN"]
[SourceTitle "EXT 2022"]
[Source "ChessBase"]
[SourceDate "2021.10.06"]
[SourceVersion "1"]
[SourceVersionDate "2021.10.06"]
[SourceQuality "1"]

1. e4 e5 2. Nf3 Nc6 3. Bc4 Bc5 4. c3 Nf6 5. d4 exd4 6. cxd4 Bb4+ 7. Bd2 Bxd2+ 8. Nbxd2 O-O 9. O-O d6 10. Re1 Re8 11. Qb3 Be6 12. Qc3 Bxc4 13. Qxc4 Qe7 14. Qc2 Rad8 15. Rac1 Qe6 16. d5 Nxd5 17. exd5 Qxd5 18. Nb3 Rxe1+ 19. Rxe1 g6 20. h3 Rc8 21. Qc3 Qb5 22. Nbd4 Nxd4 23. Nxd4 Qa6 24. a3 d5 25. Nf3 Qd6 26. Qe5 Qxe5 27. Rxe5 c6 28. Re7 Rb8 29. Ng5 Rd8 30. Rxb7 d4 31. Kf1 f6 32. Ne4 f5 33. Nd2 c5 34. Rxa7 d3 35. Rc7 Rd5 36. a4 Kf8 37. a5 c4 38. a6 1-0

[Event "Charlotte Spring op"]
[Site "Charlotte USA"]
[Date "2025.03.29"]
[Round "2"]
[White "Wu, Andrew1"]
[Black "Preotu, Razvan"]
[Result "1/2-1/2"]
[WhiteElo "2206"]
[BlackElo "2470"]
[WhiteFideId "-1"]
[WhiteFideId "-1"]
[PlyCount "69"]
[GameId "2161585270683039"]
[EventDate "2025.03.28"]
[EventType "swiss"]
[EventRounds "5"]
[EventCountry "USA"]
[SourceTitle "Mega2025 Update 22"]
[Source "Chessbase"]
[SourceDate "2025.04.05"]
[SourceVersion "1"]
[SourceVersionDate "2025.04.05"]
[SourceQuality "1"]

1. e4 c6 2. d4 d5 3. Nc3 dxe4 4. Nxe4 Nf6 5. Nxf6+ exf6 6. Be3 Na6 7. a3 Bd6 8. Bd3 O-O 9. Ne2 Re8 10. O-O Bg4 11. c4 Nc7 12. Qc2 Bxe2 13. Bxe2 Ne6 14. Rad1 Qc7 15. g3 Rad8 16. b4 g6 17. Bf3 f5 18. c5 Be7 19. d5 cxd5 20. Bxd5 Bg5 21. Bxg5 Nxg5 22. Qa4 a6 23. c6 bxc6 24. Qxc6 Qa7 25. Qb7 Re7 26. Qxa7 Rxa7 27. h4 Rad7 28. hxg5 Rxd5 29. Rxd5 Rxd5 30. Rb1 Kg7 31. a4 Rd6 32. b5 axb5 33. axb5 Rb6 34. f4 f6 35. Kf2 1/2-1/2